000 00331 a2200145 4500
001 177466
020 _a
040 _cMagnum
100 _aCurto,lluis Maruny.morillo,maribel Ministral
240 1 0 _aEscrever e ler -vol.1
_lpor
245 1 0 _aEscrever e ler -vol.1
362 0 _a1899
697 _aMAGNITO: ENSINO
942 _cBK
999 _c177466
_d177466